000 00986nam a2200217 a 4500
001 000029292
005 20200930055444.0
008 090706s2009 dr a r 000 0 spa d
040 _aDO-SdBNP
_bspa
_cBNPHU
082 _a363.1063
_bR426e, 2009
110 1 _aRepública Dominicana.
_bAyuntamiento del Distrito Nacional.
_99535
245 1 0 _aEncuesta del gobierno de la seguridad :
_bZona Colonial /
_cpresentación Roberto Salcedo.
260 _aSanto Domingo :
_bADN,
_c2009.
300 _a121 p. :
_bil., gráf. ;
_c22 cm.
590 _aInventariado, 2018/BT
650 4 _aSeguridad ciudadana
_zSanto Domingo (República Dominicana{Rpara}
_xEncuestas
_96507
650 4 _aAdministración municipal
_zSanto Domingo (República Dominicana{Rpara}
_xMedidas de seguridad
_96508
700 1 2 _aSalcedo Gavilán, Roberto
_96509
710 1 _aSanto Domingo (República Dominicana).
_bAyuntamiento del Distrito Nacional. Observatorio ciudadano.
_956180
910 _aValidado. Control de calidad. EMS
999 _c28784
_d28784